000 00500ngm a2200193 i 4500
001 C2-0312185
003 PPAK
005 20180727220828.0
008 110822s1996 xxu|||| ||||| | vleng d
040 _aPPAK
_beng
_cPPAK
_erda
245 1 4 _aThe cable guy
264 1 _aUnited States :
_bColumbia Pictures ,
_c1996
336 _2rdacontent
_atext
337 _2rdamedia
_aunmediated
338 _2rdacarrier
_avolume
700 _eauthor
700 1 _aStiller, Ben,
_ecompile
942 _2ddc
_cDVD
999 _c166524
_d166524